LEADER 01335nam a2200229 i 4500 001 000000159853 003 CaOOAMICUS 005 20070314000000.0 008 070314s2006 it u000 u ita u 013 $a137216 040 $aSeMil$bita 245 10$aCovili :$bgli occhi della vita [Foro Boario, Modena dal 29 aprile al 2 luglio 2006. Castello di Montecuccolo, Pavullo nel Frignano dal 30 aprile 2006] /$c[a cura di] Andrea Emiliani ...et al.]. 260 $a[Italia] :$bCoviliArte,$c(stampa 2006) 300 $a207 p. :$briccamente ill. ;$c28x24 cm. 500 $aCatalogo della Mostra promossa da : Fondazione Cassa di Risparmio di Modena, Provincia di Modena, Comune di Modena, Comune di Pavullo nel Frignano. - In testa al front. : Gino Covili. - Contiene : Apparati. - Dono del Card. Dionigi Tettamanzi. 700 1 $aEmiliani, Andrea,$d<1931-2019>.$0(OLS)http://semarc/name/388 850 $aSeMil 852 $aSeMil$W1$xVenegono$y1$m5Q XVI 4$j111371$B111371$CSeMilBibl$Z2$F122019 $81 941 1 $a5 961 $aOmaggio: Tettamanzi Card. Dionigi 996 $6245$aCovili :$bgli occhi della vita [Foro Boario, Modena dal 29 aprile al 2 luglio 2006. Castello di Montecuccolo, Pavullo nel Frignano dal 30 aprile 2006]$9(OLS)http://semarc/title/142136 996 $6260$a[Italia] :$bCoviliArte$9(OLS)http://semarc/publisher/44259 LEADER 01352nam a2200289 4500 001 000000342730 003 CaOOAMICUS 005 20211015162617.0 008 201027s2016 it 000 u ita r 020 $a978-88-8419-776-4 040 $aSeMil$bita 100 1 $aBloch, Marc,$d<1886-1944>.$0(OLS)http://semarc/name/1643 245 13$aIl regno di Luigi 14. :$baspetti economici /$cMarc Bloch ; corso raccolto da P. Heumann ; traduzione e cura di Frédéric Ieva. 264 1$aTorino :$bAragno,$c2016. 300 $aXXXIX, 150 p. ;$c24 cm 490 1 $aBiblioteca Aragno 600 04$aLuigi XIV : di Borbone .$0(OLS)http://semarc/subject/12723 650 4$aFrancia - Economia - 1650-1700.$0(OLS)http://semarc/subject/49661 700 1 $aIeva, Frédéric.$0(OLS)http://semarc/name/112365 700 1 $aHeumann, P.$0(OLS)http://semarc/name/112364 830 0$aBiblioteca Aragno.$0(OLS)http://semarc/title/19611 850 $aSeMil 852 $aSeMil$W1$xVenegono$y1$m3U IV 286$j259629$B233894$CSeMilBibl$Z2$F233894 $81 996 $6020$a978-88-8419-776-4$9(OLS)http://semarc/number/291523 996 $6245$aIl regno di Luigi 14. :$baspetti economici$9(OLS)http://semarc/title/431592 996 $6264$aTorino :$bAragno$9(OLS)http://semarc/publisher/37889